| 000 | 00873nam a2200241Ia 4500 | ||
|---|---|---|---|
| 999 |
_c50258 _d50258 |
||
| 001 | 17196 | ||
| 003 | GE_BSU | ||
| 005 | 20200203161550.0 | ||
| 008 | 181216s2005 xx |||||||||||||| ||ger|| | ||
| 020 | _aISBN-9783464213223 | ||
| 040 | _cGE_BSU | ||
| 080 | _a811.112+61 H-66 | ||
| 100 |
_aHillerich,Dorothea Lévy _96719 |
||
| 245 |
_ain sozialen und medizinischen Berufen : _bLehrerhandbuch / _cRed : monika veldenz-dunne,robert fallenstein... |
||
| 245 | _cRedaktion:monika veldenz-dunne,robert fallenstein... | ||
| 264 |
_aMunchen : _bFRAUS Cornelesan, _c2005. |
||
| 300 |
_a76 p.: _bill, _c20 cm. |
||
| 653 | _ain sozialen und medizinischen Berufen | ||
| 653 | _aგერმანული ენა | ||
| 700 |
_aveldenz-dunne, monika _eრედაქტორი _96720 |
||
| 700 |
_afallenstein, robert _eრედაქტორი _96721 |
||
| 942 |
_cBK _2udc |
||